| 000 | 01240nam a22002657a 4500 | ||
|---|---|---|---|
| 001 | 3946 | ||
| 003 | FISKH | ||
| 005 | 20240529085319.0 | ||
| 008 | 240527b cb ||||| |||| 00| 0 eng d | ||
| 020 | _a9781591941019 | ||
| 040 |
_aFISK _beng _cFISK _dFISK |
||
| 050 | _aE444.T82 | ||
| 082 | _a920 | ||
| 100 | _aSavory Tanya | ||
| 245 |
_aHarriet tubman / _cby Tanya Savory _bFreedom leader |
||
| 260 |
_aNew York : _bThe townsend library, _c2008 |
||
| 300 |
_a119 pages : _c18 cm |
||
| 505 | _aM | ||
| 520 | _aHarriet Tubman was born into slavery. For many years she was beaten and treated like an animal. But then Harriet began having strange dreams and visions. She saw a star, hidden pathways, and a line that separated slavery from freedom. One day, Harriet would find out just what these dreams meant. Harriet stood barely five feet tall and was unable to read or write. But she outsmarted slave catchers, outran bloodhounds, and gave hope to millions of slaves. From Maryland to Mississippi, slaves knew Harriet as 'Moses' - the deliverer who would lead her people out of slavery. | ||
| 521 | 8 |
_a840
_bLexile |
|
| 521 | 8 |
_aM
_bRaz-Plus |
|
| 700 | _aTanya Savory | ||
| 942 |
_2ddc _cBK _n0 |
||
| 999 |
_c3946 _d3946 |
||